[Event "Wch Blitz"]
[Site "St Petersburg"]
[Date "2018.12.29"]
[Round "10"]
[White "Petrosian, Tigran L"]
[Black "Demidov, Mikhail"]
[Result "1-0"]
[WhiteElo "2598"]
[BlackElo "2520"]
[PlyCount "94"]
[EventDate "2018.12.29"]
[EventType "swiss (blitz)"]
[EventRounds "21"]
[EventCountry "RUS"]
[SourceTitle "CBM 187 Extra"]
[Source "ChessBase"]
[SourceDate "2018.11.04"]
[SourceVersion "1"]
[SourceVersionDate "2018.11.04"]
[SourceQuality "1"]

1. Nf3 d5 2. g3 c6 3. Bg2 Bg4 4. h3 Bxf3 5. Bxf3 Nf6 6. d3 Nbd7 7. O-O e5 8. c4 ({RR} 8. e4 dxe4 9. dxe4 Bc5 10. a4 a5 11. Nd2 O-O 12. Qe2 Qe7 13. Rd1 Rfe8 14. Kg2 Nf8 15. Nc4 Ne6 16. c3 Qc7 17. h4 h6 18. Bd2 Red8 19. Be1 Rxd1 20. Rxd1 b5 21. axb5 cxb5 22. Ne3 Bxe3 {Cordova,E (2531)-Saric,I (2669) Saint Louis USA 2024 ½-½ (63)}) 8... dxc4 9. dxc4 Bc5 10. Nc3 O-O $146 ({RR} 10... Qe7 11. Qc2 Qe6 12. Bg2 Qxc4 13. Bg5 O-O 14. b3 Qe6 15. Bxf6 Qxf6 16. Ne4 Qe7 17. Rad1 Ba3 18. g4 Rfd8 19. Rd3 Nf8 20. Rfd1 Ne6 21. e3 Kf8 22. Kf1 Rxd3 23. Rxd3 Rd8 24. Ke2 Ke8 25. Rxd8+ {Bruentrup,D-Szilagyi,G Zinnowitz 1965 0-1 (57)}) 11. Na4 Be7 12. Be3 Qc7 13. Qc2 Rfd8 14. Rfd1 b6 15. Nc3 Bc5 16. Bxc5 Nxc5 17. b4 Ne6 18. e3 Rxd1+ 19. Rxd1 Rd8 20. Rxd8+ Nxd8 21. Ne4 Nxe4 22. Qxe4 Qd6 23. a3 g6 24. h4 f5 25. Qc2 e4 26. Be2 c5 27. Qa4 Qe7 28. bxc5 bxc5 29. Qa6 Qd7 30. Qb5 Qd6 31. Qe8+ Kg7 32. Kg2 Nf7 33. Kf1 h5 34. a4 Qd2 35. Qe7 Qc1+ 36. Kg2 Qe1 37. Bf1 Qa5 38. Qd7 Qb6 39. Be2 Kf6 40. Qc8 a5 41. Qe8 Qd6 42. Bf1 Ne5 43. Qh8+ Kf7 44. Be2 Qe7 45. Qb8 Kf6 46. Qb6+ Qe6 47. Qxc5 Nc6 1-0

[Event "Wch Blitz"]
[Site "St Petersburg"]
[Date "2018.12.29"]
[Round "10"]
[White "Potkin, Vladimir"]
[Black "Alekseenko, Kirill"]
[Result "1-0"]
[WhiteElo "2597"]
[BlackElo "2638"]
[PlyCount "71"]
[EventDate "2018.12.29"]
[EventType "swiss (blitz)"]
[EventRounds "21"]
[EventCountry "RUS"]
[SourceTitle "CBM 187 Extra"]
[Source "ChessBase"]
[SourceDate "2018.11.04"]
[SourceVersion "1"]
[SourceVersionDate "2018.11.04"]
[SourceQuality "1"]

1. Nf3 d5 2. e3 c5 3. b3 Nc6 4. Bb5 Bd7 5. Bb2 Nf6 6. O-O e6 7. c4 dxc4 8. bxc4 Bd6 9. d4 O-O 10. d5 exd5 11. cxd5 Nb8 12. Nc3 $146 ({RR} 12. Bxd7 Nbxd7 13. Nc3 a6 14. a4 Nb6 15. e4 Nc4 16. Bc1 Re8 17. Qe2 Ne5 18. Nd2 c4 19. f4 Nd3 20. Nxc4 Nxc1 21. Raxc1 Bc5+ 22. Kh1 Bd4 23. Qd3 Bxc3 24. Qxc3 Nxe4 25. Qf3 Rc8 26. Rfd1 b5 {Sadovsky,A (2276)-Omariev,M (2304) chess.com INT 2024 1-0 (54)}) ({RR} 12. Bxd7 Nbxd7 13. Nc3 a6 14. a4 Nb6 15. e4 Nc4 16. Bc1 Re8 17. Qe2 Ne5 18. Nd2 c4 19. f4 Nd3 20. Nxc4 Nxc1 21. Raxc1 Bc5+ 22. Kh1 Bd4 23. Qd3 Bxc3 24. Qxc3 Nxe4 25. Qf3 Rc8 26. Rfd1 b5 {Sadovsky,A (2276)-Omariev,M (2304) chess.com INT 2024 1-0 (54)}) 12... a6 13. Be2 b5 14. a4 b4 15. Nb1 Bf5 16. Nbd2 Bc7 17. Rc1 Nxd5 18. Rxc5 Bb6 19. Rc1 Bg6 20. Qb3 Nc3 21. Bxc3 bxc3 22. Rxc3 Ba5 23. Rc4 Nd7 24. Rd1 Qe7 25. Nf1 Rab8 26. Qa2 Nf6 27. Ng3 h6 28. h3 Bc7 29. Nf1 Ne4 30. Bd3 Rfd8 31. Qc2 Ba5 32. Nd4 Qe8 33. Nc6 Rbc8 34. Nxa5 Rxc4 35. Nxc4 Qc6 36. Ne5 1-0

[Event "Wch Blitz"]
[Site "St Petersburg"]
[Date "2018.12.29"]
[Round "11"]
[White "Mikhalevski, Victor"]
[Black "Zvjaginsev, Vadim"]
[Result "1-0"]
[WhiteElo "2579"]
[BlackElo "2642"]
[PlyCount "61"]
[EventDate "2018.12.29"]
[EventType "swiss (blitz)"]
[EventRounds "21"]
[EventCountry "RUS"]
[SourceTitle "CBM 187 Extra"]
[Source "ChessBase"]
[SourceDate "2018.11.04"]
[SourceVersion "1"]
[SourceVersionDate "2018.11.04"]
[SourceQuality "1"]

1. d4 Nf6 2. Nf3 g6 3. g3 Bg7 4. Bg2 c5 5. c3 cxd4 6. cxd4 O-O 7. Nc3 d6 8. O-O Nc6 9. d5 ({RR} 9. h3 h6 10. e4 e5 11. d5 Nb8 12. Be3 Nfd7 13. Nd2 f5 14. f4 exf4 15. gxf4 fxe4 16. Ndxe4 Nf6 17. Bd4 Bf5 18. Ng3 Nbd7 19. Nxf5 gxf5 20. Kh2 Rf7 21. Qd3 Nh5 22. Be3 Qh4 23. Rf3 a6 {Povshednyi,I (2338)-Topalov,A (2233) chess.com INT 2024 1-0 (42)}) 9... Na5 10. Nd4 Bd7 11. b3 Qc8 $146 ({RR} 11... Qb6 12. e3 Rac8 13. Bd2 e5 14. Nde2 Qd8 15. Qc1 b6 16. Qa3 Qe7 17. Rac1 h5 18. h4 Bh6 19. Rfe1 Nb7 20. Qb2 Nc5 21. Qc2 Bf5 22. e4 Bxd2 23. Qxd2 Ncxe4 24. Nxe4 Nxe4 25. Qe3 Nc5 26. Nd4 {Rubtsov,A-Bitman,A (2250) Kstovo 1997 0-1 (58)}) 12. Bb2 Bh3 13. Rc1 Bxg2 14. Kxg2 Qd7 15. f3 Rfc8 16. Qd3 a6 17. e4 b5 18. Qd2 Ne8 19. Nce2 Nb7 20. b4 e6 21. Nc6 Nd8 22. Na5 exd5 23. Bxg7 Nxg7 24. Qxd5 Qe6 25. Qd2 Qe5 26. Nf4 Nge6 27. Nd5 Kg7 28. Rfe1 h5 29. Rcd1 Kf8 30. f4 Qh8 31. f5 1-0

[Event "Wch Blitz"]
[Site "St Petersburg"]
[Date "2018.12.29"]
[Round "11"]
[White "Sjugirov, Sanan"]
[Black "Huzman, Alexander"]
[Result "1-0"]
[WhiteElo "2663"]
[BlackElo "2580"]
[PlyCount "59"]
[EventDate "2018.12.29"]
[EventType "swiss (blitz)"]
[EventRounds "21"]
[EventCountry "RUS"]
[SourceTitle "CBM 187 Extra"]
[Source "ChessBase"]
[SourceDate "2018.11.04"]
[SourceVersion "1"]
[SourceVersionDate "2018.11.04"]
[SourceQuality "1"]

1. Nf3 Nf6 2. g3 g6 3. Bg2 Bg7 4. O-O O-O 5. d3 d5 6. Nbd2 c5 7. e4 Nc6 8. c3 b6 9. exd5 Nxd5 10. Nc4 Bb7 11. a4 ({RR} 11. Re1 e6 12. Qb3 Rb8 13. Bg5 Qc7 14. Rad1 h6 15. Bc1 Ba8 16. Qc2 Rbd8 17. h4 b5 18. Ne3 Nf6 19. g4 Nd5 20. Nxd5 Rxd5 21. Nh2 Rd7 22. f4 Bb7 23. Qf2 Rfd8 24. f5 exf5 25. gxf5 Qd6 {Saeed,I (2409)-Fridman,D (2626) Dubai 2021 0-1 (53)}) 11... Qc7 12. Re1 Rfd8 $146 ({RR} 12... e5 13. Qb3 Rad8 14. Ng5 Nde7 15. a5 Nxa5 16. Nxa5 Bxg2 17. Kxg2 bxa5 18. Qb5 Qc6+ 19. Qxc6 Nxc6 20. Ra4 Rxd3 21. Rc4 Rd5 22. Ne4 Rc8 23. Rxc5 Rxc5 24. Nxc5 Rd8 25. Be3 Bf8 26. Ne4 a4 27. Bc5 {Kahn,E (2292)-Almasi,I (2425) Budapest 2004 0-1 (42)}) ({RR} 12... a6 13. Ng5 e6 14. Ne4 Rab8 15. Bd2 h6 16. Qe2 Kh7 17. h4 Rbd8 18. f4 Rfe8 19. h5 e5 20. hxg6+ fxg6 21. f5 gxf5 22. Qh5 fxe4 23. Bxe4+ Kg8 24. Bxd5+ Rxd5 25. Qxe8+ Kh7 26. Qe6 Qd8 27. Re4 {Balashov,Y (2535)-Mainka,R (2445) Berlin 1990 1-0}) 13. Qb3 Rab8 14. a5 Ba8 15. axb6 axb6 16. Qb5 Na7 17. Qa6 Nc6 18. Qb5 Na7 19. Qa4 Nc6 20. Na3 Qd7 21. Bg5 h6 22. Bd2 Nd4 23. Qxd7 Nxf3+ 24. Bxf3 Rxd7 25. Nc4 Bc6 26. Bxh6 Nb4 27. Bxg7 Bxf3 28. cxb4 f6 29. Bh6 b5 30. Nd2 1-0

[Event "Wch Blitz"]
[Site "St Petersburg"]
[Date "2018.12.29"]
[Round "12"]
[White "Petrosian, Tigran L"]
[Black "Mikhalevski, Victor"]
[Result "1-0"]
[WhiteElo "2598"]
[BlackElo "2579"]
[PlyCount "75"]
[EventDate "2018.12.29"]
[EventType "swiss (blitz)"]
[EventRounds "21"]
[EventCountry "RUS"]
[SourceTitle "CBM 187 Extra"]
[Source "ChessBase"]
[SourceDate "2018.11.04"]
[SourceVersion "1"]
[SourceVersionDate "2018.11.04"]
[SourceQuality "1"]

1. Nf3 Nf6 2. g3 g6 3. Bg2 Bg7 4. O-O O-O 5. d3 d5 6. Nbd2 b6 7. e4 dxe4 8. Ng5 Bb7 9. Ngxe4 Qc8 10. Nxf6+ Bxf6 11. Ne4 Bg7 12. Re1 c5 13. h4 $146 ({RR} 13. Bg5 f6 14. Bd2 Nc6 15. Bc3 Qd7 16. a4 Rad8 17. a5 e5 18. axb6 axb6 19. Nd2 Qc8 20. Qe2 b5 21. b3 f5 22. Nf1 Rfe8 23. Ne3 Nd4 24. Qf1 Nf3+ 25. Bxf3 Bxf3 26. Ng2 Bb7 27. Re2 Re6 {Cebotari,S (2155)-Costachi,M (2470) Cluj ROU 2024 ½-½ (79)}) ({RR} 13. Bg5 f6 14. Bd2 Nc6 15. Bc3 Qd7 16. a4 Rad8 17. a5 e5 18. axb6 axb6 19. Nd2 Qc8 20. Qe2 b5 21. b3 f5 22. Nf1 Rfe8 23. Ne3 Nd4 24. Qf1 Nf3+ 25. Bxf3 Bxf3 26. Ng2 Bb7 27. Re2 Re6 {Cebotari,S (2155)-Costachi,M (2470) Cluj ROU 2024 ½-½ (79)}) 13... Nc6 14. h5 Nd4 15. c3 Nc6 16. Bf4 Qd7 17. Qe2 Rad8 18. Rad1 Ba6 19. Qf3 Bb7 20. Qe3 f5 21. h6 Bh8 22. Nd2 e5 23. Bg5 Rde8 24. Nc4 Ba8 25. f4 Qe6 26. fxe5 b5 27. Qxc5 Ne7 28. Bxa8 Rxa8 29. Qxe7 Qxe7 30. Bxe7 Rfe8 31. Nd6 Rxe7 32. d4 a6 33. a4 Rb8 34. axb5 axb5 35. Ra1 Re6 36. Ra7 Bf6 37. Kf2 Be7 38. Rea1 1-0

[Event "Wch Blitz"]
[Site "St Petersburg"]
[Date "2018.12.30"]
[Round "15"]
[White "Sjugirov, Sanan"]
[Black "Korobov, Anton"]
[Result "1-0"]
[WhiteElo "2663"]
[BlackElo "2698"]
[PlyCount "115"]
[EventDate "2018.12.29"]
[EventType "swiss (blitz)"]
[EventRounds "21"]
[EventCountry "RUS"]
[SourceTitle "CBM 187 Extra"]
[Source "ChessBase"]
[SourceDate "2018.11.04"]
[SourceVersion "1"]
[SourceVersionDate "2018.11.04"]
[SourceQuality "1"]

1. Nf3 Nf6 2. c4 e6 3. g3 d5 4. Bg2 d4 5. O-O c5 6. d3 Nc6 7. e3 Bd6 8. exd4 cxd4 9. Bg5 h6 10. Bxf6 Qxf6 11. Nbd2 Qd8 12. a3 a5 13. Rc1 O-O 14. Re1 Re8 15. c5 Bc7 $146 ({RR} 15... Bf8 16. Qa4 Ra7 17. Ne4 e5 18. Nfd2 Bd7 19. Nc4 Re6 20. Bh3 Ne7 21. Qb3 a4 22. Qa2 Ng6 23. Nb6 Ra6 24. Nxd7 Qxd7 25. c6 bxc6 26. Bxe6 fxe6 27. Rc4 Qb7 28. Rec1 Rb6 29. R1c2 Qa6 30. Qb1 {Taspinar,Y (2262)-Mendez Fortes,E (2250) chess.com INT 2023 1-0 (48)}) ({RR} 15... Bf8 16. Qa4 Ra7 17. Ne4 e5 18. Nfd2 Bd7 19. Nc4 Re6 20. Bh3 Ne7 21. Qb3 a4 22. Qa2 Ng6 23. Nb6 Ra6 24. Nxd7 Qxd7 25. c6 bxc6 26. Bxe6 fxe6 27. Rc4 Qb7 28. Rec1 Rb6 29. R1c2 Qa6 30. Qb1 {Taspinar,Y (2262)-Mendez Fortes,E (2250) chess.com INT 2023 1-0 (48)}) 16. Nc4 a4 17. Nfd2 f5 18. f4 e5 19. Qh5 Kh7 20. Bxc6 bxc6 21. Nxe5 Bxe5 22. fxe5 Be6 23. Nc4 Rb8 24. Nb6 Rf8 25. Rf1 Rxb6 26. cxb6 Qxb6 27. Rc2 Qb5 28. Qe2 Re8 29. Rd2 c5 30. Qf2 Bc8 31. Re1 Qc6 32. h3 Kh8 33. Kh2 Be6 34. Rc2 Qb6 35. Rec1 Rc8 36. Qe2 Kh7 37. Qf2 Kh8 38. h4 Kh7 39. Qf3 Kh8 40. Rd2 Kh7 41. Qd1 Qb5 42. Qh5 Qb6 43. Qf3 Kh8 44. Rdc2 Kh7 45. Rf1 Kh8 46. Qh5 Kh7 47. Rcf2 Rf8 48. Qf3 Qb5 49. g4 Qb8 50. Qg3 f4 51. Rxf4 Rxf4 52. Qxf4 Qxb2+ 53. Rf2 Qxa3 54. Qe4+ Kg8 55. Qa8+ Kh7 56. Rf8 Qxd3 57. Rh8+ Kg6 58. Qe8+ 1-0

[Event "Wch Blitz"]
[Site "St Petersburg"]
[Date "2018.12.30"]
[Round "20"]
[White "Artemiev, Vladislav"]
[Black "Firouzja, Alireza"]
[Result "1-0"]
[WhiteElo "2709"]
[BlackElo "2607"]
[PlyCount "85"]
[EventDate "2018.12.29"]
[EventType "swiss (blitz)"]
[EventRounds "21"]
[EventCountry "RUS"]
[SourceTitle "CBM 187 Extra"]
[Source "ChessBase"]
[SourceDate "2018.11.04"]
[SourceVersion "1"]
[SourceVersionDate "2018.11.04"]
[SourceQuality "1"]

1. Nf3 Nf6 2. g3 d5 3. Bg2 e6 4. O-O Be7 5. d3 O-O 6. Nbd2 Nc6 7. d4 Ne4 8. c4 ({RR} 8. c3 f5 9. Ne1 e5 10. dxe5 Nxe5 11. Nd3 Ng6 12. c4 Be6 13. cxd5 Nxd2 14. dxe6 Nxf1 15. Kxf1 c6 16. Qb3 Qb6 17. Qc4 Kh8 18. Be3 Qc7 19. f4 Rad8 20. Rc1 Bf6 21. Qb4 Rfe8 22. Bxa7 Ra8 {Kramnik,V (2801)-Aronian,L (2792) Zuerich 2016 ½-½ (49)}) ({RR} 8. c3 f5 9. Ne1 Bd6 10. Nd3 Nxd2 11. Bxd2 Bd7 12. f3 Kh8 13. e4 dxe4 14. fxe4 e5 15. d5 Ne7 16. c4 c5 17. Bc3 Qc7 18. Qh5 b5 19. b3 bxc4 20. bxc4 Rae8 21. Rae1 Bc8 22. g4 Ba6 {Ohanyan,E (2501)-Palczert,M (2409) Petrovac MNE 2025 1-0}) ({RR} 8. c3 f5 9. Ne1 e5 10. dxe5 Nxe5 11. Ndf3 Ng6 12. Nd3 c6 13. Nd4 Bd6 14. Qb3 Kh8 15. c4 dxc4 16. Qxc4 Qe7 17. b3 Bd7 18. Bb2 Nd2 19. Qc2 Nxf1 20. Rxf1 Ne5 21. Nf4 Rae8 22. e3 Ng4 {Firouzja,A (2760)-Lazavik,D (2567) chess.com INT 2024 ½-½ (75)}) 8... f5 9. e3 a5 10. Qc2 $146 ({RR} 10. a3 a4 11. Ne1 Kh8 12. Qc2 Bd7 13. Nd3 Na5 14. cxd5 exd5 15. Nf4 Nxd2 16. Bxd2 Nb3 17. Bxd5 Nxa1 18. Rxa1 c6 19. Bg2 Bd6 20. Bb4 Qe7 21. Bxd6 Qxd6 22. Nd3 Be8 23. Rc1 Ra7 24. Nc5 b5 {Afanasiev,N (2534)-Ponfilenok,V (2281) Sochi RUS 2023 1-0 (35)}) ({RR} 10. a3 a4 11. Ne1 Kh8 12. Qc2 Bd7 13. Nd3 Na5 14. cxd5 exd5 15. Nf4 Nxd2 16. Bxd2 Nb3 17. Bxd5 Nxa1 18. Rxa1 c6 19. Bg2 Bd6 20. Bb4 Qe7 21. Bxd6 Qxd6 22. Nd3 Be8 23. Rc1 Ra7 24. Nc5 b5 {Afanasiev,N (2534)-Ponfilenok,V (2281) Sochi RUS 2023 1-0 (35)}) 10... b6 11. a3 Bb7 12. b3 Bf6 13. Bb2 Ne7 14. b4 Qd7 15. Rfc1 c6 16. Ne1 a4 17. Ndf3 Nd6 18. Nd2 b5 19. cxb5 cxb5 20. Nd3 Nc4 21. Nc5 Qc8 22. Nxc4 bxc4 23. Nxb7 Qxb7 24. Qxc4 Rfc8 25. Qd3 h6 26. Bf1 Kf7 27. Qb5 Qa7 28. Be2 g5 29. Rxc8 Rxc8 30. Rc1 Qa8 31. Rxc8 Qxc8 32. Qxa4 f4 33. exf4 gxf4 34. Qd1 Nf5 35. Bh5+ Ke7 36. Bg4 Nd6 37. a4 Qc4 38. b5 Qb4 39. Qe2 Ne4 40. Qc2 Bxd4 41. Qc7+ Kf8 42. Qxf4+ Ke7 43. Bxd4 1-0

[Event "Wch Blitz"]
[Site "St Petersburg"]
[Date "2018.12.30"]
[Round "20"]
[White "Kovalenko, Igor"]
[Black "Motylev, Alexander"]
[Result "1-0"]
[WhiteElo "2657"]
[BlackElo "2644"]
[PlyCount "131"]
[EventDate "2018.12.29"]
[EventType "swiss (blitz)"]
[EventRounds "21"]
[EventCountry "RUS"]
[SourceTitle "CBM 187 Extra"]
[Source "ChessBase"]
[SourceDate "2018.11.04"]
[SourceVersion "1"]
[SourceVersionDate "2018.11.04"]
[SourceQuality "1"]

1. Nf3 d5 2. c4 d4 3. b4 Bg4 4. d3 a5 ({RR} 4... Nf6 5. g3 Bxf3 6. exf3 e5 7. a3 a5 8. b5 Nbd7 9. Bg2 Bd6 10. O-O O-O 11. f4 exf4 12. Bxb7 Rb8 13. Bg2 Nc5 14. Bxf4 Bxf4 15. gxf4 Qd6 16. Qf3 Ne6 17. Nd2 Nxf4 18. Rfe1 Nd7 19. Nb3 {Adhiban,B (2689)-Naroditsky,D (2616) Chess.com INT 2019 0-1}) ({RR} 4... Bxf3 5. exf3 e6 6. a3 a5 7. bxa5 Rxa5 8. Be2 Bb4+ 9. Nd2 Nc6 10. O-O Bd6 11. h3 Qa8 12. Nb3 Ra6 13. f4 Bxa3 14. Bf3 Nge7 15. Rb1 O-O 16. Bxa3 Rxa3 17. Nc5 Qa7 18. Rb5 b6 19. Nb3 {Moreno Perez,T (2246)-Tristan,L (2521) Mar del Plata ARG 2024 0-1 (50)}) 5. b5 c5 $146 ({RR} 5... Nf6 6. Nbd2 e6 7. g3 Bxf3 8. Nxf3 Bb4+ 9. Nd2 Nbd7 10. Bg2 Nc5 11. O-O Nfd7 12. Bb2 e5 13. Ne4 Nxe4 14. Bxe4 Rb8 15. e3 Nf6 16. exd4 exd4 17. Qf3 b6 18. Bc6+ Kf8 19. Qf4 Bc5 20. Rae1 {Szilagyi,P-Forintos,G Budapest 1968 0-1 (74)}) 6. Nbd2 Nd7 7. h3 Bh5 8. g3 e5 9. Bg2 Bd6 10. O-O Ne7 11. e4 O-O 12. Qe1 Qc7 13. Nh2 Rae8 14. h4 Bg6 15. Qe2 f5 16. h5 Bf7 17. exf5 Nxf5 18. Ne4 Nf6 19. Nxf6+ gxf6 20. Qg4+ Ng7 21. h6 Bg6 22. hxg7 Qxg7 23. Rd1 f5 24. Qh3 f4 25. gxf4 exf4 26. Kh1 Kh8 27. Bd2 Bf5 28. Qf3 Qh6 29. Re1 Re3 30. Rg1 Rxf3 31. Bxf3 Bxd3 32. Rae1 Bxc4 33. b6 Qh4 34. Rg2 Rg8 35. Rxg8+ Kxg8 36. Kg1 Ba6 37. Re6 Qg5+ 38. Kh1 Be7 39. Be4 Kf7 40. Bxf4 Qxf4 41. Bd5 Qc1+ 42. Re1+ Kf6 43. Rxc1 d3 44. Nf3 Bd6 45. Bc4 Bf4 46. Bxa6 Bxc1 47. Bxd3 h6 48. Be4 c4 49. Bxb7 Kf5 50. Ba6 c3 51. Bd3+ Ke6 52. b7 Bf4 53. Nd4+ Kd5 54. Ne2 Bb8 55. Kg2 Kc6 56. Be4+ Kc5 57. a3 Kc4 58. Bc2 Bd6 59. Kh3 Be5 60. f4 Bd6 61. f5 Kd5 62. Kg4 Kc6 63. Be4+ Kc7 64. Nxc3 Be5 65. Nb5+ Kb6 66. a4 1-0

[Event "Wch Blitz"]
[Site "St Petersburg"]
[Date "2018.12.30"]
[Round "20"]
[White "Petrosian, Tigran L"]
[Black "Vishnu, Prasanna V"]
[Result "1-0"]
[WhiteElo "2598"]
[BlackElo "2518"]
[PlyCount "57"]
[EventDate "2018.12.29"]
[EventType "swiss (blitz)"]
[EventRounds "21"]
[EventCountry "RUS"]
[SourceTitle "CBM 187 Extra"]
[Source "ChessBase"]
[SourceDate "2018.11.04"]
[SourceVersion "1"]
[SourceVersionDate "2018.11.04"]
[SourceQuality "1"]

1. Nf3 d5 2. g3 Nf6 3. Bg2 e6 4. O-O Be7 5. d3 O-O 6. Nbd2 Nc6 7. e4 dxe4 8. dxe4 e5 9. c3 Be6 10. Qe2 Nd7 ({RR} 10... Bd6 11. Nc4 Bxc4 12. Qxc4 Qe7 13. Nh4 g6 14. Bh6 Rfe8 15. Bh3 Nd8 16. Nf3 Ne6 17. Ng5 Nxg5 18. Bxg5 Kg7 19. Rad1 h6 {½-½ (19) McAndrew,R (1950)-Schroeder,K (1837) Rottach-Egern GER 2024}) 11. Rd1 f6 12. Nc4 Qe8 13. Ne3 $146 ({RR} 13. Nh4 Qf7 14. Ne3 Nb6 15. Nd5 Bd6 16. Nf5 Nxd5 17. exd5 Bxf5 18. dxc6 b6 19. b3 Kh8 20. c4 Qg6 21. Bb2 Bg4 22. Bf3 Bxf3 23. Qxf3 e4 24. Qe2 f5 25. Rd5 Rae8 26. Kh1 Qh6 27. Bd4 Be7 {Mamoulakis,E (2089)-Vagionakis,M (1732) Heraklion 2017 0-1 (37)}) 13... Qf7 14. Nd5 Bd6 15. Be3 Rad8 16. b4 Nb6 17. a4 Nxd5 18. exd5 Bxd5 19. Ng5 Bc4 20. Nxf7 Bxe2 21. Nxd8 Nxd8 22. Rd2 Bc4 23. Bxa7 Kf7 24. Be3 Ke7 25. Bd5 Bxd5 26. Rxd5 Ne6 27. a5 c6 28. Rd2 Nc7 29. Rxd6 1-0

[Event "Wch Blitz"]
[Site "St Petersburg"]
[Date "2018.12.30"]
[Round "21"]
[White "Adly, Ahmed"]
[Black "Kovalenko, Igor"]
[Result "1-0"]
[WhiteElo "2626"]
[BlackElo "2657"]
[PlyCount "97"]
[EventDate "2018.12.29"]
[EventType "swiss (blitz)"]
[EventRounds "21"]
[EventCountry "RUS"]
[SourceTitle "CBM 187 Extra"]
[Source "ChessBase"]
[SourceDate "2018.11.04"]
[SourceVersion "1"]
[SourceVersionDate "2018.11.04"]
[SourceQuality "1"]

1. Nf3 d5 2. g3 c6 3. Bg2 Bg4 4. O-O Nd7 5. d3 e6 6. h3 Bxf3 ({RR} 6... Bh5 7. e4 Bd6 8. exd5 cxd5 9. c4 Ne7 10. Nc3 O-O 11. cxd5 exd5 12. g4 Bg6 13. Nh4 Nb6 14. a4 a5 15. f4 f5 16. Be3 Bf7 17. Nxf5 Nxf5 18. gxf5 Be7 19. Bd4 Bf6 20. Be5 Nc8 21. Nb5 {Fressinet,L (2700)-Ponomariov,R (2712) Huaian 2016 1-0 (77)}) 7. Bxf3 h5 ({RR} 7... Bc5 8. Bg2 Ne7 9. e4 O-O 10. Nd2 a5 11. a4 Qc7 12. Kh1 f5 13. Qe2 dxe4 14. Nb3 Bd6 15. dxe4 f4 16. e5 Bxe5 17. gxf4 Bd6 18. Nd4 Nc5 19. Nxe6 Nxe6 20. Qxe6+ Kh8 21. Bd2 Ng6 22. Rae1 {Kramnik,V (2753)-Svane,F (2636) chess.com INT 2024 ½-½ (61)}) 8. h4 Bd6 $146 ({RR} 8... Ngf6 9. e4 dxe4 10. dxe4 Ne5 11. Bg2 Bc5 12. Qe2 Nfg4 13. Nc3 Qd4 14. Nd1 O-O-O 15. Ne3 Bb6 16. a4 a5 17. Ra3 Kc7 18. Nxg4 Nxg4 19. Bf3 Nf6 20. Be3 Qd7 21. Bxb6+ Kxb6 22. Rb3+ Kc7 23. e5 {Moussard,J (2570)-Kovalenko,I (2626) Orsay 2018 1-0 (36)}) ({RR} 8... Be7 9. e4 g5 10. exd5 cxd5 11. hxg5 Bxg5 12. c4 h4 13. g4 Ne5 14. Bg2 Bxc1 15. Qxc1 h3 16. Bxd5 exd5 17. Re1 h2+ 18. Kh1 Qf6 19. f4 O-O-O 20. Rxe5 dxc4 21. Qxc4+ Kb8 22. Nd2 Nh6 23. g5 {Stojanovski,S (2179)-Zia,T (2345) chess.com INT 2023 0-1}) 9. e4 Ne7 10. Bxh5 Qc7 11. Kg2 g6 12. Bf3 O-O-O 13. Qe2 Kb8 14. Be3 f5 15. Bg5 e5 16. Nd2 Rdf8 17. Bxe7 Bxe7 18. exd5 cxd5 19. Bxd5 Qxc2 20. Rac1 Qa4 21. Nc4 Bf6 22. Kg1 Nb6 23. Nxb6 axb6 24. Rc4 Qd7 25. Bg2 Rd8 26. Qe3 Qe6 27. Rfc1 Rh7 28. Rc6 bxc6 29. Rxc6 Qxc6 30. Bxc6 Rd4 31. Bg2 Rhd7 32. Qf3 R4d6 33. Qa8+ Kc7 34. a4 Bg7 35. b4 e4 36. dxe4 Rd1+ 37. Kh2 R1d2 38. Qa7+ Kc8 39. Qxb6 Bd4 40. Qc6+ Kd8 41. Qxg6 Rxf2 42. exf5 Ba7 43. b5 Rdd2 44. Qg8+ Kc7 45. Qf7+ Kd8 46. Qxa7 Rxg2+ 47. Kh3 Ke8 48. Qa8+ Kf7 49. Qxg2 1-0

[Event "Bay Area op"]
[Site "Burlingame"]
[Date "2019.01.05"]
[Round "6"]
[White "Cordova, Emilio"]
[Black "Xiong, Jeffery"]
[Result "1-0"]
[WhiteElo "2597"]
[BlackElo "2672"]
[PlyCount "99"]
[EventDate "2019.01.01"]
[EventType "swiss"]
[EventRounds "9"]
[EventCountry "USA"]
[SourceTitle "CBM 188 Extra"]
[Source "ChessBase"]
[SourceDate "2019.02.26"]
[SourceVersion "1"]
[SourceVersionDate "2019.02.26"]
[SourceQuality "1"]

1. Nf3 d5 2. c4 d4 3. b4 g5 4. h3 h6 5. Bb2 Bg7 6. e3 e5 7. c5 ({RR} 7. exd4 e4 8. Ne5 Nc6 9. Nxc6 bxc6 10. Qe2 Nf6 11. d3 O-O 12. Nd2 exd3 13. Qxd3 Re8+ 14. Be2 Nh5 15. g3 Qe7 16. Kf1 Nf6 17. a3 Be6 18. Bf3 Qd7 19. Kg2 Bf5 20. Qb3 Ne4 21. Nxe4 Bxe4 {Onslow,A (2170)-Silva,L (2254) chess.com INT 2025 ½-½ (77)}) 7... Ne7 8. Bc4 O-O 9. e4 $146 ({RR} 9. Qb3 Nbc6 10. O-O Ng6 11. d3 Bf5 12. Nbd2 Qd7 13. Kh2 Rad8 14. Ne4 g4 15. hxg4 Bxg4 16. Ne1 Kh8 17. Ng3 Qe7 18. Nc2 Qh4+ 19. Kg1 f5 20. Bf7 Nce7 21. exd4 exd4 22. Bxg6 Nxg6 23. Nh1 Nf4 {Travesset Sagre,J (2019)-Bernado Lopez,R (1968) Barcelona 2019 0-1 (32)}) 9... Nbc6 10. a3 b6 11. cxb6 cxb6 12. d3 Bd7 13. Nbd2 b5 14. Bxb5 Nxb4 15. Bc4 Nbc6 16. h4 g4 17. Nh2 Rb8 18. Bc1 h5 19. f3 Ng6 20. g3 Nxh4 21. O-O Ng6 22. fxg4 h4 23. gxh4 Qxh4 24. Ndf3 Qe7 25. Bg5 Qd6 26. Nh4 Nxh4 27. Bxh4 Na5 28. Bd5 Bc6 29. Bxc6 Qxc6 30. g5 Rb2 31. Ng4 Qe6 32. Qf3 Rc8 33. Rab1 Rxb1 34. Rxb1 Nb3 35. Nf6+ Bxf6 36. gxf6 Kf8 37. Qd1 Qh3 38. Qh5 Ke8 39. Qxe5+ Kd7 40. Qd5+ Ke8 41. Qe5+ Kf8 42. Qg5 Qe6 43. Bg3 Rc3 44. Be1 Rc6 45. Ba5 Rc3 46. Bb4+ Ke8 47. Bxc3 dxc3 48. Qb5+ Kd8 49. Qb8+ Kd7 50. Rxb3 1-0

[Event "Titled Tuesday intern op 1st Jan"]
[Site "Chess.com INT"]
[Date "2019.01.01"]
[Round "5"]
[White "Narayanan, Sunilduth Lyna"]
[Black "Vocaturo, Daniele"]
[Result "1-0"]
[WhiteElo "2575"]
[BlackElo "2626"]
[PlyCount "133"]
[EventDate "2019.01.01"]
[EventType "swiss (blitz)"]
[EventRounds "10"]
[EventCountry "USA"]
[SourceTitle "EXT 2021"]
[Source "ChessBase"]
[SourceDate "2020.10.23"]
[SourceVersion "1"]
[SourceVersionDate "2020.10.23"]
[SourceQuality "1"]

1. Nf3 f5 2. d3 Nc6 3. d4 e6 4. c4 Nf6 5. g3 Bb4+ 6. Nbd2 b6 7. Bg2 Bb7 8. O-O O-O 9. Ne5 $146 ({RR} 9. a3 Be7 10. b4 Qe8 11. Bb2 Nd8 12. Ne1 Qh5 13. Nd3 g5 14. d5 d6 15. e4 Qxd1 16. Rfxd1 fxe4 17. Nxe4 exd5 18. Nxf6+ Bxf6 19. Bxf6 Rxf6 20. cxd5 a5 21. Rac1 Rf7 22. f4 h6 23. fxg5 hxg5 {Spoelman,W (2557)-Pruijssers,R (2549) Amsterdam 2013 ½-½ (51)}) 9... Qc8 10. Nxc6 Bxc6 11. Bxc6 dxc6 12. Nf3 Bd6 13. Qa4 c5 14. dxc5 bxc5 15. Rd1 Qb7 16. Qc2 a5 17. Bg5 Ne4 18. Bf4 a4 19. Bxd6 cxd6 20. Rab1 Ra6 21. Rd3 Rb6 22. Nd2 Rb8 23. Nxe4 Qxe4 24. Qxa4 d5 25. Rbd1 d4 26. R3d2 h5 27. b3 h4 28. Qd7 h3 29. f3 Qe5 30. Qe7 Rd6 31. Kf1 Rbd8 32. Qg5 Ra8 33. Qf4 Qxf4 34. gxf4 Rda6 35. a4 Rb8 36. Rd3 Kf7 37. Ra1 Kf6 38. Kf2 g5 39. fxg5+ Kxg5 40. e3 e5 41. f4+ Kf6 42. fxe5+ Kxe5 43. exd4+ cxd4 44. Re1+ Kf6 45. Rxh3 Rab6 46. Rh6+ Kg5 47. Rxb6 Rxb6 48. Rb1 Kf4 49. Ke2 Ke4 50. Kd2 Rh6 51. Re1+ Kf4 52. Kd3 Rh3+ 53. Kxd4 Rxb3 54. Ra1 Rb2 55. a5 Rxh2 56. a6 Rh8 57. a7 Ra8 58. c5 Kg3 59. c6 f4 60. Kc5 f3 61. Kb6 f2 62. c7 Re8 63. Rf1 Re1 64. Rxf2 Rb1+ 65. Kc6 Rc1+ 66. Kd7 Rd1+ 67. Ke8 1-0